书目信息 |
| 题名: |
Spring高级程序设计
|
|
| 作者: | 马哈切克 著 ;马连浩 译 | |
| 分册: | ||
| 出版信息: | 北京 人民邮电出版社 2009.09 |
|
| 页数: | 764页 | |
| 开本: | 24cm | |
| 丛书名: | 图灵程序设计丛书 | |
| 单 册: | ||
| 中图分类: | TP312 | |
| 科图分类: | ||
| 主题词: | Java语言--程序设计 | |
| 电子资源: | ||
| ISBN: | 978-7-115-21204-7 | |
| 000 | 00824nam0 2200241 450 | |
| 001 | 1139769281 | |
| 005 | 20111226110550.17 | |
| 010 | @a978-7-115-21204-7@dCNY99.00 | |
| 100 | @a20111226d2009 km y0chiy0120 ea | |
| 101 | 1 | @achi@ceng |
| 102 | @aCN@b110000 | |
| 105 | @ay z 000yy | |
| 200 | 1 | @aSpring高级程序设计@ASpring gao ji cheng xu she ji@f(英) Jan Machacek … [等] 著@F(ying)Jan Machacek …[deng]zhu@g马连浩等译@Gma lian hao deng yi |
| 210 | @a北京@c人民邮电出版社@d2009.09 | |
| 215 | @a764页@d24cm | |
| 225 | 2 | @a图灵程序设计丛书 |
| 410 | 0 | @12001 @a图灵程序设计丛书 |
| 606 | 0 | @aJava语言@x程序设计 |
| 690 | @aTP312@v4 | |
| 701 | 1 | @a马哈切克@Ama ha qie ke@g(Machacek, Jan)@4著 |
| 702 | 0 | @a马连浩@Ama lian hao@4译 |
| 801 | 0 | @aCN@b大连网信软件有限公司图书馆·11@c20111226 |
| 905 | @aZUCC@dTP312@eM061@f2 | |
| Spring高级程序设计/(英) Jan Machacek … [等] 著/马连浩等译.-北京:人民邮电出版社,2009.09 |
| 764页;24cm.-(图灵程序设计丛书) |
| ISBN 978-7-115-21204-7:CNY99.00 |
| ● |
| 相关链接 |
|
|
|
正题名:Spring高级程序设计
索取号:TP312/M061
 
预约/预借
| 序号 | 登录号 | 条形码 | 馆藏地/架位号 | 状态 | 备注 |
| 1 | 1067273 | 210672734 | 期刊室512/301自科库 45排7列4层/ [索取号:TP312/M061] | 在馆 | |
| 2 | 1067274 | 210672743 | 期刊室512/301自科库 45排7列4层/ [索取号:TP312/M061] | 在馆 |